ZPOŽĎOVÁNÍ PEVNÉ FÁZE PŘI PROUDĚNÍ HETEROGENNÍ SUSPENZE V POTRUBÍ

Bibliographic Details
Main Author: Hrbek, Jaroslav (Author)
Format: Article
Language:Slovak
Czech

MARC

LEADER 00000nab a2200000 a 4500
001 vtls010723140
003 SK-MaSNL
005 20260304185657.0
008 250709s1972 xo |||||||||||||||||slo|
035 |a (urnnbn)urn:nbn:sk:snk:ar-a04tkc 
035 |a (uuid)9369b876-4b9d-4c19-9624-dfecb45201f0 
035 |a urn:nbn:sk:snk-ab3nlb 
040 |a SNKBUCL  |b slo  |c SNKBUCL  |e AACR2 
041 0 |a cze 
044 |a xo  |c SK 
100 1 |a Hrbek, Jaroslav  |4 aut  |9 365530 
245 1 0 |a ZPOŽĎOVÁNÍ PEVNÉ FÁZE PŘI PROUDĚNÍ HETEROGENNÍ SUSPENZE V POTRUBÍ  |c Jaroslav Hrbek 
773 0 |t Vodohospodársky časopis : časopis pre hydrológiu a hydromechaniku  |g Roč. 20, č. 4 (1972), s. 446-456 
850 |a Slovenská národná knižnica 
852 |a Slovenská národná knižnica 
958 |a article1 
958 |a OND 
958 |a EUIPO 
999 |c 3045340  |d 3047270